000 00433nam a22001577a 4500
999 _c17579
_d17579
003 OSt
005 20221109154221.0
008 221108b ||||| |||| 00| 0 eng d
040 _c0
100 _aFelipe, Cecille Suerte.
_946706
245 _aROTC in HS to help in calamity response /
260 _aPhilippines ;
_cFebruary 6, 2020.
_bThe Philippine Star,
300 _apage 12.
650 _aEducation.
_946707
942 _2ddc
_cPER